000
00359nam a2200133Ia 4500
008
151001s9999||||xx |||||||||||||| ||und||
100
_a
गुरुनाथ - नाईक
245
_a
ठिणगी
250
_a
1
260
_b
"निखील प्रकाशन, कोल्हापूर"
260
_c
2012
300
_a
192
365
_b
18
999
_c
999737
_d
999734